Most Populous Cities in the Upper Midwest - Statistics

General Stats
  • This quiz has been taken 977 times
    970 since last reset
  • The average score is 18 of 25
Answer Stats
State Population City % Correct
Illinois 2,707,120 Chicago
100%
Michigan 706,585 Detroit
98%
Indiana 827,609 Indianapolis
98%
Minnesota 387,753 Minneapolis
96%
Ohio 393,806 Cleveland
95%
Ohio 797,434 Columbus
95%
Wisconsin 597,867 Milwaukee
93%
Minnesota 288,448 St Paul
93%
Iowa 206,599 Des Moines
90%
Wisconsin 236,901 Madison
90%
Ohio 296,223 Cincinnati
89%
Ohio 286,038 Toledo
78%
Illinois 117,076 Springfield
77%
Ohio 198,402 Akron
73%
Michigan 189,815 Grand Rapids
72%
Indiana 255,824 Fort Wayne
69%
Ohio 142,148 Dayton
66%
Iowa 127,905 Cedar Rapids
51%
Illinois 199,672 Aurora
49%
Illinois 115,234 Peoria
46%
Illinois 152,222 Rockford
45%
Illinois 148,402 Joliet
38%
Indiana 117,825 Evansville
37%
Michigan 134,243 Warren
24%
Michigan 129,880 Sterling Heights
19%
No matching quizzes found
Score Distribution
Percent of People with Each Score
Percentile by Number Answered
Your Score History
You have not taken this quiz since the last reset